000 00405nam a2200121Ia 4500
008 220615s9999||||xx |||||||||||||| ||und||
245 0 _aMachine Tools
_bDesign, Research, Application
546 _aEnglish[eng]
650 _aManufacturing industries
700 _aŠooš, Ľubomír||Marek, Jiri
856 _uhttps://mts.intechopen.com/storage/books/9266/authors_book/authors_book.pdf
942 _cEB
999 _c17914
_d17914